LEADER 01373nam2 22003373i 450 001 TO00303050 005 20231121125836.0 100 $a19990724d1905 ||||0itac50 ba 101 | $aita 102 $ait 181 1$6z01$ai $bxxxe 182 1$6z01$an 200 0 $a2: [L-Z]$fLuigi Rasi 210 $aFirenze$cLumachi$d1905 215 $a786 p., [2] carte di tav.$cill., facsimili$d28 cm. 461 1$1001TO00303043$12001 $a˜I œcomici italiani$ebiografia, bibliografia, iconografia$fLuigi Rasi$v2 606 $aComici italiani$xSec. 17.-19.$xRepertori$2FIR$3RMLC379790$9I 606 $aAttori italiani$xSec. 17.-19.$xRepertori$2FIR$3RMLC379791$9I 676 $a792.0280922$9$v21 700 1$aRasi$b, Luigi$f <1852-1918>$3MUSV054264$4070$0158683 801 3$aIT$bIT-01$c19990724 850 $aIT-RM0290 $aIT-RM0313 $aIT-RM0211 $aIT-FR0017 899 $aBIBLIOTECA ANGELICA$bRM0290 899 $aBIBLIOTECA CASANATENSE$bRM0313 899 $aFondazione Marco Besso$bRM0211 899 $aBiblioteca umanistica Giorgio Aprea$bFR0017 $eN 912 $aTO00303050 950 2$aBiblioteca umanistica Giorgio Aprea$d 52FONDO RARICom.Ras.2$e 52DUP0009003065 VMB RF $fB $h20150123$i20150123 977 $a 06$a 07$a 14$a 52 996 $a2:$93637766 997 $aUNICAS LEADER 01285nam 2200337z- 450 001 9910689536503321 005 20161209102615.0 035 $a(CKB)4920000000787439 035 $a(BIP)008676291 035 $a(EXLCZ)994920000000787439 100 $a20220104c2002uuuu -u- - 101 0 $aeng 200 10$aTreaty on strategic offensive reduction $ethe Moscow treaty : hearings before the Committee on Foreign Relations, United States Senate, One Hundred Seventh Congress, second session, July 9, 17, 23, and September 12, 2002 215 $a1 online resource (iv, 272 p.) 311 $a0-16-069258-X 517 $aTreaty on strategic offensive reduction 606 $aNuclear disarmament$zUnited States 606 $aNuclear disarmament$zRussia (Federation) 607 $aUnited States$xForeign relations$zRussia (Federation) 607 $aRussia (Federation)$xForeign relations$zUnited States 610 $aNuclear disarmament 610 $aUnited States 610 $aRussia (federation) 610 $aPolitical science 615 0$aNuclear disarmament 615 0$aNuclear disarmament 712 02$aRussia (Federation).$f2002 May 24. 906 $aBOOK 912 $a9910689536503321 996 $aTreaty on strategic offensive reduction$93173423 997 $aUNINA